Z których państw pochodzą drużyny z Supa Strikas - Statystyki

Ogólne statystyki
  • Ten quiz został rozwiązany 99 razy
  • Średni wynik to 11 z 14
Statystyki odpowiedzi
Kluby Państwo % Poprawnych
FC Nakama Japonia
95%
FC Barka Hiszpania
91%
Żelazne Czołgi Niemcy
91%
FC TechnicaliFC Cosmos Stany Zjednoczone
91%
Club Palmintieri Brazylia
84%
Supa StrikasNiepokonani United Republika Południowej Afryki
84%
Lokomotiv Rosja
82%
FC Azul Meksyk
79%
FC Sułtani Zjednoczone Emiraty Arabskie
73%
FC Cognito Anglia / Wielka Brytania
68%
Club OrionFC Hydra Francja
68%
Sa Ming United Chiny
66%
FC Grimm Rumunia
57%
FC Colossus Grecja
56%
Nie znaleziono quizów pasujących do podanych kryteriów
Rozkład punktacji
Procent ludzi z każdym wynikiem
Percentyl według liczby udzielonych odpowiedzi
Twoja historia wyników
Nie rozwiązałeś tego quizu